The Natural Step (Record no. 120307)
[ view plain ]
| 000 -LEADER | |
|---|---|
| fixed length control field | 00878cam a2200193 4500 |
| 001 - CONTROL NUMBER | |
| control field | WS122904 |
| 008 - FIXED-LENGTH DATA ELEMENTS--GENERAL INFORMATION | |
| fixed length control field | 030702n 000 0 eng u |
| 035 ## - SYSTEM CONTROL NUMBER | |
| System control number | (Sirsi) u122904 |
| 110 ## - MAIN ENTRY--CORPORATE NAME | |
| Corporate name or jurisdiction name as entry element | The Natural Step |
| 9 (RLIN) | 4487 |
| 245 #4 - TITLE STATEMENT | |
| Title | The Natural Step |
| 520 ## - SUMMARY, ETC. | |
| Summary, etc. | Web site for this international advisory and research organisation which works with some of the largest resource users on the planet to create solutions, models and tools designed to accelerate global sustainability. Includes a definition of sustainability, a history of the organisation and details of their publications. |
| 650 ## - SUBJECT ADDED ENTRY--TOPICAL TERM | |
| Topical term or geographic name entry element | ORGANISATION |
| 650 ## - SUBJECT ADDED ENTRY--TOPICAL TERM | |
| Topical term or geographic name entry element | INTERNATIONAL |
| 650 ## - SUBJECT ADDED ENTRY--TOPICAL TERM | |
| Topical term or geographic name entry element | SUSTAINABLE DEVELOPMENT |
| 650 ## - SUBJECT ADDED ENTRY--TOPICAL TERM | |
| Topical term or geographic name entry element | Sustainability |
| 9 (RLIN) | 6271 |
| 690 ## - LOCAL SUBJECT ADDED ENTRY--TOPICAL TERM (OCLC, RLIN) | |
| Topical term or geographic name as entry element | ENVIRONMENTAL AND LAND CONSULTANCY |
| 856 40 - ELECTRONIC LOCATION AND ACCESS | |
| Uniform Resource Identifier | <a href="https://www.naturalstep.org">https://www.naturalstep.org</a> |
| Public note | View the website free of charge at www.naturalstep.org... |
| 942 ## - ADDED ENTRY ELEMENTS (KOHA) | |
| Suppress in OPAC | 0 |
| Withdrawn status | Lost status | Source of classification or shelving scheme | Damaged status | Not for loan | Home library | Current library | Shelving location | Date acquired | Total Checkouts | Full call number | Barcode | Date last seen | Copy number | Price effective from | Koha item type |
|---|---|---|---|---|---|---|---|---|---|---|---|---|---|---|---|
| Dewey Decimal Classification | Virtual | Virtual | Online | 02/07/2003 | WEB SITE | 122904-1001 | 06/08/2019 | 1 | 06/08/2019 | Online material |